Die 200 beliebtesten ♂ ♀ Vornamen in Chile - Statistiken

Allgemein
  • Dieses Quiz wurde 21 mal gespielt
  • Das Durchschnittsergebnis liegt bei 42 aus 202
Antwortstatistiken
♀ / ♂ Name % Korrekt
Jungen - - > | Mädchen - - > ⤵️
100%
M5 Maria
93%
A3 Ana
80%
C8 Carolina
60%
V6 Victor
60%
V8 Victoria
60%
A7 Antonia
53%
I6 Isabel
53%
J4 Juan
53%
M9 Magdalena
53%
P5 Paula
53%
S5 Sofia
53%
S6 Sophia
53%
V9 Valentina
53%
A4 Alex
47%
B8 Benjamin
47%
E6 Emilia
47%
G7 Gabriel
47%
J4 Jose
47%
P3 Pia
47%
A9 Alexandra
40%
A5 Angel
40%
C5 Carla
40%
C9 Christian
40%
C8 Cristian
40%
D6 Daniel
40%
F8 Fernanda
40%
G8 Gabriela
40%
I8 Isabella
40%
J8 Josefina
40%
K5 Karla
40%
M6 Martin
40%
M7 Martina
40%
A9 Anastasia
33%
A6 Andrea
33%
C7 Claudia
33%
D7 Daniela
33%
J5 Johan
33%
J6 Julian
33%
L5 Laura
33%
M5 Marco
33%
M7 Matilda
33%
M3 Mia
33%
N7 Natalia
33%
R6 Romina
33%
S9 Sebastian
33%
T6 Tamara
33%
A6 Amanda
27%
B5 Bruno
27%
C6 Camila
27%
C6 Carlos
27%
C7 Claudio
27%
D6 Damian
27%
D5 David
27%
I4 Ivan
27%
J4 Jean
27%
J5 Jorge
27%
K5 Karen
27%
L4 Luis
27%
M6 Manuel
27%
M6 Miguel
27%
N6 Nicole
27%
P7 Paulina
27%
P5 Pedro
27%
V7 Valeria
27%
A9 Alexander
20%
A6 Andres
20%
A6 Angela
20%
A9 Antonella
20%
B7 Barbara
20%
B5 Belen
20%
E6 Emilio
20%
F6 Felipe
20%
F8 Fernando
20%
J6 Javier
20%
J7 Joaquin
20%
K5 Kevin
20%
M5 Maite
20%
M7 Mariana
20%
M5 Mario
20%
M6 Matias
20%
M7 Matilde
20%
N7 Nicolas
20%
R6 Renata
20%
S8 Santiago
20%
T5 Tomas
20%
V7 Vicente
20%
A7 Agustin
13%
A8 Agustina
13%
A9 Alejandra
13%
A9 Alejandro
13%
A6 Alonso
13%
A5 Amaro
13%
A6 Anahis
13%
A5 Anais
13%
A6 Angelo
13%
A5 Ariel
13%
B7 Bastian
13%
C6 Camilo
13%
C8 Catalina
13%
C9 Cristobal
13%
C10 Cristopher
13%
D7 Denisse
13%
D5 Diego
13%
E7 Eduardo
13%
E7 Esteban
13%
F6 Fabian
13%
F9 Francisca
13%
G7 Genesis
13%
G7 Gustavo
13%
H6 Hector
13%
I7 Ignacia
13%
I7 Ignacio
13%
I7 Isidora
13%
J7 Javiera
13%
J8 Jonathan
13%
J6 Josefa
13%
K8 Katalina
13%
L8 Leonardo
13%
L5 Lukas
13%
M8 Macarena
13%
M7 Marcelo
13%
M5 Mateo
13%
M11 Maximiliano
13%
P5 Pablo
13%
P3 Paz
13%
R7 Ricardo
13%
R5 Rocio
13%
R7 Rodrigo
13%
S5 Simon
13%
T8 Trinidad
13%
A4 Alan
7%
A7 Alavaro
7%
A6 Alexis
7%
A8 Almendra
7%
A7 Alondra
7%
A7 Aracely
7%
A4 Axel
7%
A5 Aylin
7%
B7 Brandon
7%
B6 Brayan
7%
C5 Cesar
7%
C9 Constanza
7%
C8 Consuelo
7%
C9 Cristofer
7%
D5 Dafne
7%
D7 Damaris
7%
D5 Danae
7%
D7 Danitza
7%
D5 Dilan
7%
D5 Dylan
7%
E5 Elias
7%
E9 Elizabeth
7%
E5 Emily
7%
E9 Esperanza
7%
E9 Estefania
7%
F9 Francisco
7%
F6 Franco
7%
G8 Giuliana
7%
G7 Gonzalo
7%
G9 Guillermo
7%
I5 Isaac
7%
J5 Jaime
7%
J6 Jazmin
7%
J5 Jesus
7%
J7 Julieta
7%
K9 Katherine
7%
K5 Kiara
7%
K7 Krishna
7%
L7 Leandro
7%
L5 Lucas
7%
L7 Luciano
7%
M5 Maira
7%
M5 Maura
7%
M8 Mauricio
7%
M6 Maximo
7%
M5 Mayra
7%
M8 Michelle
7%
M8 Millaray
7%
M9 Monserrat
7%
N6 Noelia
7%
N5 Noemi
7%
O5 Oscar
7%
P6 Paloma
7%
P8 Patricio
7%
R6 Rafael
7%
R7 Rafaela
7%
R5 Rayen
7%
R6 Renato
7%
S6 Samuel
7%
S5 Sayen
7%
S8 Scarleth
7%
S8 Scarlett
7%
S6 Sergio
7%
T6 Thiare
7%
T6 Thomas
7%
T5 Tiare
7%
A6 Alexia
0%
F9 Florencia
0%
I3 Ian
0%
R7 Roberto
0%
Keine übereinstimmenden Quizze gefunden
Verteilung der Resultate
Anzahl Personen mit jedem Resultat
Perzentil nach korrekt beantworteten Fragen
Ihre Resultats-Entwicklung
Sie haben dieses Quiz noch nicht gespielt